| 000 | 00000nam 2200000za 4500 |
| 001 | 9.677542 |
| 003 | CaOODSP |
| 005 | 20221107134434 |
| 007 | cr ||||||||||| |
| 008 | 150407s2015 xxca||||o f|0| 0 fre d |
| 020 | |a978-0-660-21508-2 |
| 040 | |aCaOODSP|bfre |
| 043 | |an-cn--- |
| 086 | 1 |aIP4-12/2015F-PDF |
| 245 | 00|aViser juste pour la transparence |h[ressource électronique] : |brecommandations pour moderniser la Loi sur l'accès à l'information. |
| 260 | |aGatineau, Québec : |bCommissariat à l'information du Canada, |cc2015. |
| 300 | |a108 p. : |btableaux, graphiques. |
| 500 | |aPublié aussi en anglais sous le titre : striking the right balance for transparency : recommendations to modernize the Access to Information Act. |
| 691 | 07|aAccès à l'information|2gcpds |
| 710 | 1 |aCanada. |bCommissaire à l'information du Canada. |
| 775 | 08|tStriking the right balance for transparency |w(CaOODSP)9.629949 |
| 856 | 40|qPDF|s1.04 Mo|uhttps://publications.gc.ca/collections/collection_2015/ci-oic/IP4-12-2015-fra.pdf |